[Event "Oberliga Sued W 2324+"]
[Site "Germany"]
[Date "2023.09.17"]
[Round "1.6"]
[White "Flierl, Pascal"]
[Black "Busemann, Stephan"]
[Result "0-1"]
[WhiteElo "2184"]
[BlackElo "2095"]
[PlyCount "122"]
[EventDate "2023.09.17"]
[EventType "team-tourn"]
[EventRounds "3"]
[EventCountry "GER"]
[SourceTitle "EXT 2025"]
[Source "ChessBase"]
[SourceDate "2024.10.14"]
[SourceVersion "1"]
[SourceVersionDate "2024.10.14"]
[SourceQuality "1"]
[WhiteTeam "Speyer Schwegenheim"]
[BlackTeam "Schwarzenbach Caissa"]
[WhiteTeamCountry "GER"]
[BlackTeamCountry "GER"]

1. e4 e5 2. Nf3 Nc6 3. Bc4 Bc5 4. d3 Nf6 5. 0-0 d6 6. c3 0-0 7. b4 Bb6 8. a4 a6 9. a5 Ba7 10. Nbd2 h6 11. Re1 Re8 12. Nf1 Be6 13. Bxe6 Rxe6 14. Qb3 d5 15. b5 axb5 16. Qxb5 dxe4 17. dxe4 Bb6 18. Bxh6 Rxa5 19. Rxa5 Bxa5 20. Bd2 b6 21. Ng3 Qd7 22. Qe2 Rd6 23. Nf5 Rd3 24. Rc1 g6 25. Ng3 Rd6 26. h3 Qe6 27. Qb5 Kg7 28. Bg5 Nd7 29. Be3 Ne7 30. c4 Nc6 31. Kh2 Bb4 32. Qa4 Bc5 33. Qa8 Bxe3 34. fxe3 Na5 35. c5 Rc6 36. Rf1 Qe7 37. cxb6 cxb6 38. Qa7 Nc4 39. Rc1 Qd6 40. Qa4 Qc5 41. Rc3 b5 42. Qb3 Ra6 43. Qd1 Rd6 44. Qb3 Ndb6 45. Nf1 Na4 46. Rc2 Nab6 47. Ne1 Qc6 48. Ng3 Qd7 49. Rf2 Rd2 50. Rxd2 Qxd2 51. Nf3 Qd7 52. Ne1 f6 53. Nd3 Qc6 54. Nb4 Qd6 55. Nc2 Qc5 56. Nf1 Na4 57. Qd3 Qd6 58. Qb3 Qd1 59. Qxb5 Qxc2 60. Qd7+ Kh6 61. Qe8 Kh5 0-1

[Event "Oberliga Sued W 2223"]
[Site "Germany"]
[Date "2023.04.30"]
[Round "9.5"]
[White "Horacek, Helmut"]
[Black "Flierl, Pascal"]
[Result "0-1"]
[WhiteElo "1977"]
[BlackElo "2186"]
[PlyCount "38"]
[EventDate "2022.10.23"]
[EventType "team-tourn"]
[EventRounds "9"]
[EventCountry "GER"]
[SourceTitle "EXT 2025"]
[Source "ChessBase"]
[SourceDate "2024.10.14"]
[SourceVersion "1"]
[SourceVersionDate "2024.10.14"]
[SourceQuality "1"]
[WhiteTeam "Saarbruecken SVG"]
[BlackTeam "Speyer Schwegenheim II"]
[WhiteTeamCountry "GER"]
[BlackTeamCountry "GER"]

1. e4 c6 2. d4 d5 3. e5 c5 4. dxc5 e6 5. Be3 Nd7 6. Nf3 Bxc5 7. Bxc5 Nxc5 8. Nc3 Ne7 9. Qd4 Nd7 10. 0-0-0 Nc6 11. Qe3 Qb6 12. Qxb6 Nxb6 13. Bb5 Bd7 14. Rhe1 Rc8 15. Nd4 Ke7 16. f4 Nxd4 17. Bxd7 Nxc2 18. Bxe6 Nxe1 19. Bxc8 Rxc8 0-1

[Event "Oberliga Sued W 2223"]
[Site "Germany"]
[Date "2022.11.27"]
[Round "2.3"]
[White "Weller, Manuel"]
[Black "Flierl, Pascal"]
[Result "1/2-1/2"]
[WhiteElo "2239"]
[BlackElo "2191"]
[PlyCount "32"]
[EventDate "2022.10.23"]
[EventType "team-tourn"]
[EventRounds "9"]
[EventCountry "GER"]
[SourceTitle "EXT 2025"]
[Source "ChessBase"]
[SourceDate "2024.10.14"]
[SourceVersion "1"]
[SourceVersionDate "2024.10.14"]
[SourceQuality "1"]
[WhiteTeam "Kaiserslautern"]
[BlackTeam "Speyer Schwegenheim II"]
[WhiteTeamCountry "GER"]
[BlackTeamCountry "GER"]

1. c4 c6 2. g3 d5 3. Nf3 Nf6 4. Bg2 e6 5. 0-0 Be7 6. b3 0-0 7. Bb2 b6 8. d4 Bb7 9. Qd3 Nbd7 10. Nc3 Qc7 11. Rac1 Rac8 12. Rfd1 Rfd8 13. cxd5 exd5 14. Bh3 Ra8 15. Rc2 Qb8 16. Nh4 g6 1/2-1/2

[Event "BL2-Sued 2223"]
[Site "Germany"]
[Date "2022.10.22"]
[Round "1.8"]
[White "Flierl, Pascal"]
[Black "Raps, Johannes"]
[Result "1/2-1/2"]
[WhiteElo "2193"]
[BlackElo "2109"]
[PlyCount "38"]
[EventDate "2022.10.22"]
[EventType "team-tourn"]
[EventRounds "9"]
[EventCountry "GER"]
[SourceTitle "EXT 2024"]
[Source "ChessBase"]
[SourceDate "2023.10.10"]
[SourceVersion "1"]
[SourceVersionDate "2023.10.10"]
[SourceQuality "1"]
[WhiteTeam "Speyer Schwegenheim"]
[BlackTeam "Bad Mergentheim"]
[WhiteTeamCountry "GER"]
[BlackTeamCountry "GER"]

1. e4 c5 2. Nc3 Nc6 3. f4 d6 4. Nf3 e6 5. Bb5 Bd7 6. 0-0 Be7 7. d4 cxd4 8. Nxd4 Nf6 9. Be3 Qc7 10. Qf3 0-0 11. Rad1 Rad8 12. h3 a6 13. Bd3 b5 14. Nb3 Nb4 15. a3 Nxd3 16. cxd3 Bc6 17. Qf2 Nd7 18. Rc1 Rc8 19. Ne2 Qd8 1/2-1/2

[Event "Oberliga Sued W 2122"]
[Site "Germany"]
[Date "2022.05.15"]
[Round "3.4"]
[White "Meng, Gunter"]
[Black "Flierl, Pascal"]
[Result "0-1"]
[WhiteElo "1975"]
[BlackElo "2179"]
[PlyCount "74"]
[EventDate "2021.10.24"]
[EventType "team-tourn"]
[EventRounds "9"]
[EventCountry "GER"]
[SourceTitle "EXT 2023"]
[Source "ChessBase"]
[SourceDate "2022.10.05"]
[SourceVersion "1"]
[SourceVersionDate "2022.10.05"]
[SourceQuality "1"]
[WhiteTeam "Gau Algesheim"]
[BlackTeam "Speyer Schwegenheim II"]
[WhiteTeamCountry "GER"]
[BlackTeamCountry "GER"]

1. d4 c6 2. Nf3 d5 3. Bf4 Nf6 4. e3 Nh5 5. c3 Nxf4 6. exf4 Qd6 7. g3 Bf5 8. Bd3 Qe6+ 9. Ne5 Bxd3 10. Qxd3 Nd7 11. 0-0 Nxe5 12. dxe5 g5 13. Qe3 gxf4 14. Qxf4 h5 15. h4 Rg8 16. Kh2 Rg4 17. Qe3 Re4 18. Qd3 Qxe5 19. Kg2 Bh6 20. Nd2 Bxd2 21. Qxd2 Re2 22. Qd3 0-0-0 23. b4 Rg8 24. Rac1 Rg4 25. Rc2 Rxg3+ 26. Qxg3 Qe4+ 27. Kg1 Rxc2 28. Qg8+ Kc7 29. Qg3+ e5 30. Kh2 Qe2 31. Qh3 Rxa2 32. Kg2 Qe4+ 33. Qf3 Kd6 34. Qxe4 dxe4 35. Re1 f5 36. Rd1+ Ke7 37. Kg3 Rc2 0-1

[Event "BL2-Sued 2122"]
[Site "Germany"]
[Date "2022.05.14"]
[Round "5.8"]
[White "Flierl, Pascal"]
[Black "Bilchinski, Anton"]
[Result "0-1"]
[WhiteElo "2179"]
[BlackElo "2234"]
[PlyCount "110"]
[EventDate "2022.03.05"]
[EventType "team-tourn"]
[EventRounds "10"]
[EventCountry "GER"]
[SourceTitle "EXT 2023"]
[Source "ChessBase"]
[SourceDate "2022.10.05"]
[SourceVersion "1"]
[SourceVersionDate "2022.10.05"]
[SourceQuality "1"]
[WhiteTeam "Speyer Schwegenheim"]
[BlackTeam "Eppingen"]
[WhiteTeamCountry "GER"]
[BlackTeamCountry "GER"]

1. e4 g6 2. Nc3 Bg7 3. f4 c6 4. Nf3 d5 5. e5 Nh6 6. d4 Bg4 7. Be3 Nf5 8. Bf2 Qb6 9. Rb1 e6 10. Be2 Bf8 11. 0-0 Nd7 12. Nd2 Bxe2 13. Nxe2 h5 14. c4 Be7 15. Qc2 Qa6 16. b3 Rc8 17. Nf3 0-0 18. c5 b6 19. b4 Ra8 20. Rfc1 Rfb8 21. Rb3 Qc8 22. a4 a6 23. Ne1 Qf8 24. Nd3 Rc8 25. Rc3 Rab8 26. g3 a5 27. bxa5 bxc5 28. dxc5 Ra8 29. Rb3 Rc7 30. Qc3 Rca7 31. Nb4 Qc8 32. a6 Nb8 33. h3 Nxa6 34. g4 Ng7 35. Nd3 Nb8 36. Nb2 Nd7 37. Rb1 Ra5 38. Nd3 Rxa4 39. Bd4 Rc4 40. Qb2 Nxc5 41. Rb8 Rxb8 42. Qxb8 Qxb8 43. Rxb8+ Kh7 44. Bxc5 Bxc5+ 45. Nxc5 Rxc5 46. Kf2 Rc2 47. Ke3 c5 48. Rc8 c4 49. Rc7 Ra2 50. Rxf7 Ra3+ 51. Kf2 Rxh3 52. f5 gxf5 53. Nf4 Rh4 54. Nxh5 Rxg4 55. Nf6+ Kg6 0-1

[Event "Oberliga Sued W 2122"]
[Site "Germany"]
[Date "2021.10.24"]
[Round "1.5"]
[White "Flierl, Pascal"]
[Black "Jenner, Meikel"]
[Result "0-1"]
[WhiteElo "2179"]
[BlackElo "1990"]
[PlyCount "54"]
[EventDate "2021.10.24"]
[EventType "team-tourn"]
[EventRounds "9"]
[EventCountry "GER"]
[SourceTitle "EXT 2023"]
[Source "ChessBase"]
[SourceDate "2022.10.05"]
[SourceVersion "1"]
[SourceVersionDate "2022.10.05"]
[SourceQuality "1"]
[WhiteTeam "Speyer Schwegenheim II"]
[BlackTeam "Saarbruecken"]
[WhiteTeamCountry "GER"]
[BlackTeamCountry "GER"]

1. e4 c5 2. Nc3 g6 3. f4 a6 4. Nf3 Bg7 5. d4 cxd4 6. Nxd4 Nc6 7. Be3 d6 8. Nd5 Rb8 9. Be2 e6 10. Nc3 Nge7 11. Qd2 0-0 12. Rd1 d5 13. 0-0 e5 14. fxe5 Nxe5 15. Nb3 b5 16. Nxd5 Nxd5 17. exd5 Nc4 18. Bxc4 bxc4 19. Na5 c3 20. Qf2 Qxa5 21. Bc5 Bg4 22. b4 Qxa2 23. Rd4 Bf5 24. Rf4 Qxc2 25. Qh4 Bd3 26. Re1 Qd2 27. Be3 g5 0-1

[Event "Bundesliga 1920"]
[Site "Germany"]
[Date "2021.10.16"]
[Round "14.8"]
[White "Kozul, Zdenko"]
[Black "Flierl, Pascal"]
[Result "1-0"]
[WhiteElo "2593"]
[BlackElo "2210"]
[PlyCount "51"]
[EventDate "2019.11.23"]
[EventType "team-tourn"]
[EventRounds "15"]
[EventCountry "GER"]
[SourceTitle "EXT 2022"]
[Source "ChessBase"]
[SourceDate "2021.10.06"]
[SourceVersion "1"]
[SourceVersionDate "2021.10.06"]
[SourceQuality "1"]
[WhiteTeam "Deizisau"]
[BlackTeam "Speyer Schwegenheim"]
[WhiteTeamCountry "GER"]
[BlackTeamCountry "GER"]

1. d4 c6 2. c4 d5 3. Nf3 Nf6 4. e3 e6 5. Bd3 dxc4 6. Bxc4 b5 7. Bd3 Bb7 8. 0-0 a6 9. a4 Be7 10. e4 Nbd7 11. Nbd2 0-0 12. e5 Nd5 13. Ne4 h6 14. Bb1 Re8 15. Bd2 Nf8 16. a5 Qc7 17. Qc1 f5 18. exf6 Bxf6 19. Nxf6+ Nxf6 20. Ra3 Nd5 21. b4 Rad8 22. Re1 Qe7 23. Rb3 Nd7 24. Qc2 N7f6 25. Ne5 Qd6 26. Bxh6 1-0

[Event "Bundesliga 1920"]
[Site "Germany"]
[Date "2020.02.08"]
[Round "5.8"]
[White "Flierl, Pascal"]
[Black "Handke, Florian"]
[Result "0-1"]
[WhiteElo "2210"]
[BlackElo "2529"]
[PlyCount "64"]
[EventDate "2019.11.23"]
[EventType "team-tourn"]
[EventRounds "15"]
[EventCountry "GER"]
[SourceTitle "CBM 194 Extra"]
[Source "ChessBase"]
[SourceDate "2020.03.31"]
[SourceVersion "1"]
[SourceVersionDate "2020.03.31"]
[SourceQuality "1"]
[WhiteTeam "Speyer Schwegenheim"]
[BlackTeam "Solingen"]
[WhiteTeamCountry "GER"]
[BlackTeamCountry "GER"]

1. e4 c5 2. Nc3 Nc6 3. f4 g6 4. Nf3 Bg7 5. Bb5 Nd4 6. 0-0 a6 7. Bd3 d6 8. e5 Nh6 9. Be4 0-0 10. d3 e6 11. Nxd4 cxd4 12. Ne2 dxe5 13. fxe5 Ng4 14. c3 dxc3 15. bxc3 Nxe5 16. d4 Nc4 17. Qd3 Qc7 18. Bf4 e5 19. dxe5 Nxe5 20. Qg3 Bd7 21. Rab1 Bc6 22. Bxc6 bxc6 23. Nd4 Qa5 24. Rb7 Qd5 25. Rfb1 c5 26. Bxe5 Bxe5 27. Nc6 Qxc6 28. Qxe5 Rae8 29. Qf4 Re2 30. Qf1 Rxa2 31. R7b6 Qe4 32. Re1 Rxg2+ 0-1

[Event "Bundesliga 1617"]
[Site "Germany"]
[Date "2016.10.16"]
[Round "2.8"]
[White "Flierl, Pascal"]
[Black "Meister, Peter"]
[Result "0-1"]
[WhiteElo "2230"]
[BlackElo "2359"]
[PlyCount "104"]
[EventDate "2016.10.15"]
[EventType "team-tourn"]
[EventRounds "15"]
[EventCountry "GER"]
[SourceTitle "EXT 2017"]
[Source "ChessBase"]
[SourceDate "2016.10.25"]
[SourceVersion "1"]
[SourceVersionDate "2016.10.25"]
[SourceQuality "1"]
[WhiteTeam "Schwegenheim"]
[BlackTeam "Bayern Muenchen"]
[WhiteTeamCountry "GER"]
[BlackTeamCountry "GER"]

1. e4 g6 2. Nc3 Bg7 3. f4 d6 4. Nf3 c5 5. d4 cxd4 6. Nxd4 a6 7. Be3 Nf6 8. Be2 Nbd7 9. Nb3 Qc7 10. 0-0 b5 11. Bf3 Bb7 12. a3 0-0 13. Qe1 Rac8 14. Qf2 Qb8 15. g4 Qa8 16. Qg2 Rxc3 17. bxc3 Bxe4 18. Bd4 e5 19. Be3 Bxf3 20. Rxf3 Nd5 21. Rd1 exf4 22. Bxf4 Nxf4 23. Rxf4 Qxg2+ 24. Kxg2 Bxc3 25. Rf2 Be5 26. Na5 Nc5 27. Nc6 Ne4 28. Rf3 Ng5 29. Nxe5 dxe5 30. Re3 Rc8 31. c3 Rc4 32. h3 Ne6 33. Rd7 Ra4 34. Rxe5 Rxa3 35. Ra7 Rxc3 36. Rxa6 b4 37. Rb5 b3 38. Rab6 Nf4+ 39. Kf1 Rf3+ 40. Ke1 Rxh3 41. Rxb3 Rh4 42. Rg3 g5 43. Rb5 h6 44. Rb7 Kg7 45. Kf2 Rh2+ 46. Kf3 Nd3 47. Rg1 Ne5+ 48. Ke4 Re2+ 49. Kd5 Kg6 50. Rb4 f6 51. Re4 Rxe4 52. Kxe4 Nxg4 0-1

[Event "BL2-Sued 1516"]
[Site "Germany"]
[Date "2016.03.13"]
[Round "8.8"]
[White "Flierl, Pascal"]
[Black "Doll, Stefan"]
[Result "1/2-1/2"]
[WhiteElo "2224"]
[BlackElo "2257"]
[PlyCount "84"]
[EventDate "2015.09.20"]
[EventType "team-tourn"]
[EventRounds "9"]
[EventCountry "GER"]
[SourceTitle "EXT 2017"]
[Source "ChessBase"]
[SourceDate "2016.10.25"]
[SourceVersion "1"]
[SourceVersionDate "2016.10.25"]
[SourceQuality "1"]
[WhiteTeam "Schwegenheim"]
[BlackTeam "Untergrombach"]
[WhiteTeamCountry "GER"]
[BlackTeamCountry "GER"]

1. e4 e5 2. Nf3 Nc6 3. Bc4 Bc5 4. d3 Nf6 5. 0-0 0-0 6. c3 d6 7. Bb3 a6 8. h3 Ba7 9. Re1 Ne7 10. Nbd2 Ng6 11. Nf1 Nh5 12. d4 Nhf4 13. Ng3 Qf6 14. Nh5 Qe7 15. Bxf4 Nxf4 16. Nxf4 exf4 17. e5 h6 18. Qd2 dxe5 19. Rxe5 Qf6 20. Rae1 c6 21. R1e4 Bb8 22. Re8 Bd6 23. Rxf8+ Kxf8 24. Ne5 Bf5 25. Re1 f3 26. Nxf3 Bxh3 27. Qe3 Bd7 28. Ne5 Bxe5 29. dxe5 Qe7 30. Rd1 Be6 31. Bxe6 Qxe6 32. Qb6 Qe7 33. f4 Rc8 34. Qd4 Ke8 35. Qe4 Rd8 36. Rxd8+ Qxd8 37. Qh7 Qb6+ 38. Kh2 Qf2 39. Qf5 Qh4+ 40. Kg1 Qe1+ 41. Kh2 Qh4+ 42. Kg1 Qe1+ 1/2-1/2

[Event "BL2-Sued 1415"]
[Site "Germany"]
[Date "2015.02.22"]
[Round "7.8"]
[White "Jacob, Volker"]
[Black "Flierl, Pascal"]
[Result "1/2-1/2"]
[WhiteElo "2280"]
[BlackElo "2211"]
[PlyCount "103"]
[EventDate "2014.09.21"]
[EventType "team-tourn"]
[EventRounds "9"]
[EventCountry "GER"]
[SourceTitle "CBM 166 Extra"]
[Source "ChessBase"]
[SourceDate "2015.06.18"]
[SourceVersion "1"]
[SourceVersionDate "2015.06.18"]
[SourceQuality "1"]
[WhiteTeam "Viernheim"]
[BlackTeam "Speyer Schwegenheim"]
[WhiteTeamCountry "GER"]
[BlackTeamCountry "GER"]

1. c4 Nf6 2. Nc3 e5 3. g3 d5 4. cxd5 Nxd5 5. Bg2 Nb6 6. Nf3 Nc6 7. 0-0 Be7 8. d3 0-0 9. Be3 Be6 10. Qb1 Qc8 11. Rc1 Bh3 12. Bh1 Qg4 13. a4 f5 14. a5 f4 15. axb6 fxe3 16. fxe3 Bc5 17. Nd5 cxb6 18. Qa2 Kh8 19. Rc4 Qe6 20. Ng5 Qh6 21. Nxh3 Qxh3 22. Re4 Rf2 23. Kxf2 Qxh2+ 24. Ke1 Qxh1+ 25. Kd2 Qg2 26. Nc3 Rf8 27. Qe6 Qxg3 28. Rh1 Qg5 29. Qh3 h6 30. Rf1 Rxf1 31. Qxf1 Qe7 32. Qf5 Bb4 33. Rg4 a6 34. Rg6 Kg8 35. Kd1 Bxc3 36. bxc3 Qf7 37. Qc8+ Kh7 38. Rd6 Na5 39. Ke1 b5 40. Rd7 Qf6 41. Qc7 Nb3 42. d4 exd4 43. cxd4 Qg6 44. Qf4 Qb1+ 45. Kf2 Nd2 46. Re7 Qf1+ 47. Kg3 Qg1+ 48. Kh3 Qh1+ 49. Kg3 Qg1+ 50. Kh3 Qh1+ 51. Kg3 Qg1+ 52. Kh3 1/2-1/2

[Event "BL2-Sued 1213"]
[Site "Germany"]
[Date "2012.10.14"]
[Round "1.8"]
[White "Flierl, Pascal"]
[Black "Naumann, Axel"]
[Result "0-1"]
[WhiteElo "2184"]
[BlackElo "2148"]
[PlyCount "80"]
[EventDate "2012.10.14"]
[EventType "team-tourn"]
[EventRounds "9"]
[EventCountry "GER"]
[SourceTitle "CBM 154 Extra"]
[Source "ChessBase"]
[SourceDate "2013.06.25"]
[SourceVersion "2"]
[SourceVersionDate "2013.06.25"]
[SourceQuality "1"]
[WhiteTeam "Schwegenheim"]
[BlackTeam "Stuttgart"]
[WhiteTeamCountry "GER"]
[BlackTeamCountry "GER"]

1. e4 c5 2. c3 Nf6 3. e5 Nd5 4. d4 cxd4 5. cxd4 d6 6. Nf3 Nc6 7. Bc4 e6 8. 0-0 Be7 9. Qe2 Nb6 10. Bb3 0-0 11. Nc3 a6 12. Ne4 d5 13. Neg5 Nxd4 14. Nxd4 Bxg5 15. Bxg5 Qxg5 16. Rac1 f5 17. Rc3 Rb8 18. f4 Qe7 19. g4 g6 20. Kh1 Bd7 21. Rg1 Kh8 22. Qf2 Na4 23. Bxa4 Bxa4 24. gxf5 gxf5 25. Nf3 Rbc8 26. Rgc1 Rxc3 27. Rxc3 Rg8 28. Ng5 Bc6 29. Rh3 Rg7 30. Qd4 Kg8 31. Rh6 Bd7 32. Rf6 Qe8 33. Qb6 d4 34. h3 d3 35. Kh2 Qc8 36. Qd6 Bc6 37. Qxd3 Be4 38. Nxe4 fxe4 39. Qxe4 Qc1 40. Qd4 Qc2+ 0-1

[Event "BL2-Sued 1112"]
[Site "Germany"]
[Date "2011.11.21"]
[Round "3.3"]
[White "Flierl, Pascal"]
[Black "Beikert, Guenther"]
[Result "0-1"]
[WhiteElo "2204"]
[BlackElo "2432"]
[PlyCount "116"]
[EventDate "2011.10.02"]
[EventType "team-tourn"]
[EventRounds "9"]
[EventCountry "GER"]
[SourceTitle "EXT 2015"]
[Source "ChessBase"]
[SourceDate "2014.11.20"]
[SourceVersion "1"]
[SourceVersionDate "2014.11.20"]
[SourceQuality "1"]
[WhiteTeam "Schwegenheim"]
[BlackTeam "Viernheim"]
[WhiteTeamCountry "GER"]
[BlackTeamCountry "GER"]

1. e4 d6 2. d4 Nf6 3. Nc3 c6 4. a4 g6 5. g3 Bg7 6. Bg2 0-0 7. Nge2 Nbd7 8. 0-0 e5 9. h3 d5 10. exd5 Nxd5 11. Nxd5 cxd5 12. dxe5 Nxe5 13. Nf4 d4 14. a5 Nc4 15. a6 Rb8 16. b3 Ne5 17. Ra4 b5 18. Ra2 Rb6 19. Bb2 Nc6 20. Ba3 b4 21. Bxc6 bxa3 22. Bb7 Qd6 23. Qf3 Bxb7 24. axb7 Rb8 25. Rfa1 R6xb7 26. Nd3 Qc7 27. b4 a5 28. Rxa3 axb4 29. Ra8 Bf8 30. Rxb8 Rxb8 31. Ra2 b3 32. cxb3 Rxb3 33. Rd2 h5 34. Rd1 Qc2 35. Kf1 Bh6 36. Qe2 Qc6 37. Kg1 Rc3 38. Ne5 Qd5 39. Nd3 Kh7 40. h4 Bg7 41. Ne1 f5 42. Nd3 Qe4 43. Qf1 Bh6 44. Nb4 f4 45. Qg2 f3 46. Qh3 Bg7 47. Qd7 Rc5 48. Qd6 Rf5 49. Qa6 Qg4 50. Nd3 Qh3 51. Ne1 g5 52. Qd3 Qg4 53. Rb1 gxh4 54. Rb5 Kg6 55. Rxf5 Qxf5 56. gxh4 Qxd3 57. Nxd3 Kf5 58. Kh2 Kg4 0-1

[Event "BL2-Sued 1011"]
[Site "Germany"]
[Date "2010.12.12"]
[Round "4.3"]
[White "Boguslawski, Oleg"]
[Black "Flierl, Pascal"]
[Result "1-0"]
[WhiteElo "2485"]
[BlackElo "2217"]
[PlyCount "39"]
[EventDate "2010.10.10"]
[EventType "team-tourn"]
[EventRounds "9"]
[EventCountry "GER"]
[SourceTitle "EXT 2012"]
[Source "ChessBase"]
[SourceDate "2011.11.24"]
[SourceVersion "1"]
[SourceVersionDate "2011.11.24"]
[SourceQuality "1"]
[WhiteTeam "Hockenheim"]
[BlackTeam "Schwegenheim"]
[WhiteTeamCountry "GER"]
[BlackTeamCountry "GER"]

1. e4 d6 2. d4 Nf6 3. Nc3 e5 4. Nge2 exd4 5. Nxd4 Be7 6. g3 d5 7. e5 Ng4 8. e6 Nf6 9. exf7+ Kxf7 10. Bg2 Re8 11. 0-0 c6 12. Re1 Bd6 13. Rxe8 Qxe8 14. Bg5 Bg4 15. Qd2 Na6 16. h3 Bd7 17. Re1 Qc8 18. Bxf6 Kxf6 19. Nf3 Nc7 20. Ne4+ 1-0

[Event "BL2-Sued 0910"]
[Site "Germany"]
[Date "2010.04.11"]
[Round "9.6"]
[White "Reefschlaeger, Helmut"]
[Black "Flierl, Pascal"]
[Result "1-0"]
[WhiteElo "2313"]
[BlackElo "2227"]
[PlyCount "57"]
[EventDate "2009.10.18"]
[EventType "team-tourn"]
[EventRounds "9"]
[EventCountry "GER"]
[SourceTitle "EXT 2011"]
[Source "ChessBase"]
[SourceDate "2010.11.26"]
[SourceVersion "1"]
[SourceVersionDate "2010.11.26"]
[SourceQuality "1"]
[WhiteTeam "Baden-Baden II"]
[BlackTeam "Schwegenheim"]
[WhiteTeamCountry "GER"]
[BlackTeamCountry "GER"]

1. d4 Nf6 2. g3 e6 3. Bg2 Be7 4. c4 0-0 5. Nc3 d5 6. Nf3 b6 7. 0-0 Bb7 8. Ne5 Nbd7 9. Qa4 Nxe5 10. dxe5 Ne8 11. cxd5 exd5 12. Rd1 c6 13. e4 Nc7 14. exd5 Nxd5 15. Nxd5 cxd5 16. Be3 Bc5 17. Bxc5 bxc5 18. Qa3 Qb6 19. Bxd5 Rad8 20. Bxb7 Qxb7 21. Qb3 Qc6 22. Qc4 Qf3 23. Rd6 Rxd6 24. exd6 Rd8 25. Qxc5 Qd3 26. Qxa7 h6 27. Qe7 Rxd6 28. Re1 Rf6 29. Qe8+ 1-0

[Event "BL2-Sued 0708"]
[Site "Germany"]
[Date "2008.04.20"]
[Round "9.3"]
[White "Schwarz, Michael"]
[Black "Flierl, Pascal"]
[Result "1/2-1/2"]
[WhiteElo "2409"]
[BlackElo "2241"]
[PlyCount "79"]
[EventDate "2007.10.21"]
[EventType "team-tourn"]
[EventRounds "9"]
[EventCountry "GER"]
[SourceTitle "EXT 2009"]
[Source "ChessBase"]
[SourceDate "2008.11.26"]
[SourceVersion "1"]
[SourceVersionDate "2008.11.26"]
[SourceQuality "1"]
[WhiteTeam "Baden-Baden II"]
[BlackTeam "Schwegenheim"]
[WhiteTeamCountry "GER"]
[BlackTeamCountry "GER"]

1. Nf3 Nf6 2. c4 e6 3. g3 d5 4. Bg2 c5 5. d4 Nc6 6. 0-0 Be7 7. cxd5 Nxd5 8. dxc5 Bxc5 9. Qc2 Be7 10. a3 0-0 11. Rd1 Qa5 12. Bd2 Qc5 13. Qxc5 Bxc5 14. Nc3 Nxc3 15. Bxc3 f6 16. Nd2 Rd8 17. Bxc6 bxc6 18. Nb3 Bb6 19. Rxd8+ Bxd8 20. Rd1 Be7 21. Na5 c5 22. e3 Kf7 23. f4 Ke8 24. Kf2 Ba6 25. Nc6 Rc8 26. Nxe7 Kxe7 27. e4 Rd8 28. Rc1 g6 29. Ba5 Rc8 30. Ke3 f5 31. Rd1 Bb7 32. e5 Bd5 33. Rc1 Kd7 34. h3 h5 35. h4 Be4 36. Be1 a6 37. Rc3 Bd5 38. Kd2 c4 39. Bf2 Rc6 40. Kc2 1/2-1/2

[Event "BL2-Sued 0708"]
[Site "Germany"]
[Date "2008.03.09"]
[Round "7.5"]
[White "Florea, Dan"]
[Black "Flierl, Pascal"]
[Result "1-0"]
[WhiteElo "2296"]
[BlackElo "2241"]
[PlyCount "51"]
[EventDate "2007.10.21"]
[EventType "team-tourn"]
[EventRounds "9"]
[EventCountry "GER"]
[SourceTitle "EXT 2009"]
[Source "ChessBase"]
[SourceDate "2008.11.26"]
[SourceVersion "1"]
[SourceVersionDate "2008.11.26"]
[SourceQuality "1"]
[WhiteTeam "Untergrombach"]
[BlackTeam "Schwegenheim"]
[WhiteTeamCountry "GER"]
[BlackTeamCountry "GER"]

1. d4 Nf6 2. c4 e6 3. Nc3 Bb4 4. e3 b6 5. Bd3 Bb7 6. Nf3 Ne4 7. Qc2 f5 8. 0-0 Bxc3 9. bxc3 0-0 10. a4 a5 11. Ba3 Rf6 12. Rfd1 Rg6 13. Ne5 Rh6 14. d5 exd5 15. cxd5 Qf6 16. f4 Bxd5 17. c4 Bc6 18. Nxc6 Qxc6 19. c5 d5 20. Bb5 Qf6 21. Rac1 c6 22. cxb6 Qd8 23. b7 Ra7 24. Rxd5 Nd6 25. Bxc6 Ra6 26. Bb5 1-0

[Event "BL2-Sued 0708"]
[Site "Germany"]
[Date "2007.11.25"]
[Round "3.6"]
[White "Flierl, Pascal"]
[Black "Krockenberger, Martin"]
[Result "1-0"]
[WhiteElo "2241"]
[BlackElo "2208"]
[PlyCount "55"]
[EventDate "2007.10.21"]
[EventType "team-tourn"]
[EventRounds "9"]
[EventCountry "GER"]
[SourceTitle "EXT 2009"]
[Source "ChessBase"]
[SourceDate "2008.11.26"]
[SourceVersion "1"]
[SourceVersionDate "2008.11.26"]
[SourceQuality "1"]
[WhiteTeam "Schwegenheim"]
[BlackTeam "Schmiden Cannstatt"]
[WhiteTeamCountry "GER"]
[BlackTeamCountry "GER"]

1. Nf3 Nf6 2. d4 g6 3. g3 Bg7 4. Bg2 0-0 5. 0-0 d6 6. c4 Nbd7 7. Nc3 e5 8. e4 a6 9. Re1 Rb8 10. a4 exd4 11. Nxd4 Re8 12. f3 Ne5 13. b3 c5 14. Nde2 Nc6 15. Be3 Qe7 16. Qd2 Be6 17. Rad1 Rbd8 18. Bg5 Rd7 19. g4 Rb8 20. Qf4 Nd4 21. Nxd4 cxd4 22. Ne2 Nh5 23. gxh5 f6 24. Bxf6 Bxf6 25. Qd2 b5 26. axb5 axb5 27. Nxd4 Qg7 28. Nxe6 1-0

[Event "Oberliga Sued W 0607"]
[Site "Germany"]
[Date "2006.10.15"]
[Round "1.5"]
[White "Lang, Matthias"]
[Black "Flierl, Pascal"]
[Result "0-1"]
[WhiteElo "2220"]
[BlackElo "2217"]
[PlyCount "112"]
[EventDate "2006.10.15"]
[EventType "team-tourn"]
[EventRounds "9"]
[EventCountry "GER"]
[SourceTitle "EXT 2009"]
[Source "ChessBase"]
[SourceDate "2008.11.26"]
[SourceVersion "1"]
[SourceVersionDate "2008.11.26"]
[SourceQuality "1"]
[WhiteTeam "Landau"]
[BlackTeam "Schwegenheim"]
[WhiteTeamCountry "GER"]
[BlackTeamCountry "GER"]

1. e4 e5 2. Nf3 Nf6 3. d4 exd4 4. e5 Ne4 5. Qxd4 d5 6. exd6 Nxd6 7. Bg5 f6 8. Bf4 Nc6 9. Qe3+ Qe7 10. Qxe7+ Bxe7 11. Nc3 Be6 12. 0-0-0 g5 13. Re1 Kd7 14. Bg3 Rae8 15. h4 g4 16. Nd2 f5 17. Nb3 Bxb3 18. axb3 Bxh4 19. Rxe8 Bg5+ 20. Re3 f4 21. Bh4 Bxh4 22. Rd3 Bxf2 23. Ne4 Bd4 24. Nxd6 cxd6 25. Be2 Be3+ 26. Kb1 Ne5 27. Rd5 Ke6 28. c4 h5 29. Rhd1 Bc5 30. Re1 Bb4 31. Rf1 Rf8 32. Rb5 Bc5 33. b4 f3 34. gxf3 gxf3 35. Bxf3 Nxf3 36. Rxf3 Rxf3 37. bxc5 dxc5 38. Rxc5 Rf5 39. Rc8 h4 40. Rh8 Rf4 41. Rh7 Rxc4 42. Rxb7 a5 43. Rb6+ Kd5 44. Rh6 a4 45. Ka2 Ke5 46. Ka3 Kf5 47. Rh8 Kg4 48. Rg8+ Kf3 49. Rh8 Kg3 50. Rd8 Rf4 51. Rg8+ Rg4 52. Rc8 h3 53. Rc3+ Kh4 54. Rc2 Rf4 55. Ka2 Kg3 56. Rc3+ Rf3 0-1